Vilões de desenhos animados - Statistics

Estatísticas Gerais
  • Esse quiz foi jogado 913 vezes
  • A pontuação média é 13 de 17
Estatísticas das Respostas
Vilão Raça / Espécie Desenho % Correto
Scar Leão O Rei Leão
99%
Coringa Humano Batman
94%
Captão Gancho Humano Peter Pan
94%
Cruella de Vil Humana 101 Dálmatas
90%
Ursula Cecaelia A Pequena Sereia
87%
Sheldon J. Plankton Crustáceo Bob Esponja
86%
Hades Deus Grego Hércules
86%
Gargamel Humano Smurfs
86%
Macaco Louco Macaco As Meninas Superpoderosas
85%
Jafar Humano Aladdin
78%
Malévola Humano A Bela Adormecida
77%
Magneto Humano X-Men
77%
Rei Gelado Humano Hora de Aventura
72%
Gastão / Gastón Humano A Bela e a Fera
69%
Wile E. Coyote Coiote Papa-Léguas
63%
Zurg Desconhecido (alienígena) Toy Story 2
56%
Randall Boggs Monstro Lagarto Monstros S.A.
48%
Nenhum quiz correspondente encontrado
Distribuição das Pontuações
Porcentagem de Pessoas com Cada Pontuação
Percentil de Números Respondidos
Sua Pontuação Histórica
Você não jogou esse quiz